000 00628nam a2200217 4500
003 OSt
005 20160118170906.0
008 890707s1982 sp 0 spa
020 _a84-206-3096-9
040 _cBMC
082 _a823
100 1 _aGolding, William
_d1911-1993
_931983
245 1 0 _aRitos de paso
_cWilliam Golding ; [traducción, Fernando Santos Fontenla]
260 _aMadrid
_bAlianza
_cD.L.1982
300 _a278 p.
_c20 cm
490 0 _aAlianza Tres
_v96
595 _aTraducción de: rites of passage
650 2 4 _911162
_aNovela inglesa
700 1 _aSantos Fontenla, Fernando
_913539
942 _2ddc
_cBK
999 _c24456
_d24456